000 00943cam a2200193 4500
001 WB3918-18
008 030513n2003 000 0 eng u
035 _a(Sirsi) u122259
245 _aPlan to tackle CAP reforms
260 _c2003
490 _aFarmers' Weekly
_v138(19) 9 May 2003, 22(1)
520 _aThe editor of the latest "Agricultural budgeting and costing" book Richard King advises farmers to plan their response to CAP reforms to avoid getting caught out. If existing CAP proposals go ahead, the gross margin of an enterprise will be sale return less variable costs which could have a big impact on profitability. "Agricultural budgeting and costing" provides a layman's guide to proposed CAP reforms and is available from t +44(0) 1664 567676 priced £34.
590 _aWB
650 _aFARMERS
650 _aCOMMON AGRICULTURAL POLICY
650 _aCAP REFORM
690 _aRURAL-AGRICULTURE AND FORESTRY
942 _n0
999 _c72661
_d72661